| 000 | 00479nam a22001817a 4500 | ||
|---|---|---|---|
| 003 | BDDh-ASL | ||
| 005 | 20231015031021.0 | ||
| 008 | 220921n pk ||||| |||| 00| 0 urd d | ||
| 040 |
_aBDDh-ASL _cBDDh-ASL |
||
| 041 | _aurd | ||
| 082 |
_a297 _bGIM |
||
| 100 | 1 |
_96591 _aGilani, Syed Surur Shah |
|
| 245 | 1 | 0 | _aMajmua Taqarir : / مجموعہ تقاریر |
| 260 |
_aLahore : _bTanzim-e Masajid Office , |
||
| 300 | _c18 cm. | ||
| 650 | 0 |
_95549 _aSirat |
|
| 942 |
_2ddc _cBK |
||
| 999 |
_c29306 _d29306 |
||